[Event "Championnat de Belgique \"Experts\" 2018"]
[Site "Roux, Belgium"]
[Date "2018.07.31"]
[Round "5.3"]
[White "Docx, Stefan"]
[Black "Fontaine, Quentin"]
[Result "1/2-1/2"]
[WhiteTitle "IM"]
[BlackTitle "FM"]
[WhiteElo "2444"]
[BlackElo "2313"]

1. c4 {[%clk 01:29:24]} {[%emt 00:01:34]} Nf6 {[%clk 01:30:01]} {[%emt
00:01:00]} 2. Nc3 {[%clk 01:29:31]} {[%emt 00:00:22]} e6 {[%clk 01:29:26]}
{[%emt 00:01:05]} 3. e4 {[%clk 01:29:13]} {[%emt 00:00:47]} d5 {[%clk
01:29:52]} {[%emt 00:00:04]} 4. e5 {[%clk 01:29:13]} {[%emt 00:00:30]} d4
{[%clk 01:30:07]} {[%emt 00:00:16]} 5. exf6 {[%clk 01:29:33]} {[%emt 00:00:09]}
dxc3 {[%clk 01:30:33]} {[%emt 00:00:04]} 6. bxc3 {[%clk 01:29:53]} {[%emt
00:00:09]} Qxf6 {[%clk 01:30:59]} {[%emt 00:00:05]} 7. Nf3 {[%clk 01:30:12]}
{[%emt 00:00:09]} b6 {[%clk 01:30:58]} {[%emt 00:00:32]} 8. g3 {[%clk
01:30:31]} {[%emt 00:00:10]} Bb7 {[%clk 01:30:43]} {[%emt 00:00:46]} 9. Bg2
{[%clk 01:30:59]} {[%emt 00:00:02]} Bd6 {[%clk 01:28:57]} {[%emt 00:02:16]} 10.
O-O {[%clk 01:30:06]} {[%emt 00:01:21]} O-O {[%clk 01:28:57]} {[%emt 00:00:30]}
11. d4 {[%clk 01:29:32]} {[%emt 00:01:03]} h6 {[%clk 01:21:50]} {[%emt
00:07:38]} 12. Qd3 {[%clk 01:21:11]} {[%emt 00:08:51]} Rd8 {[%clk 01:17:54]}
{[%emt 00:04:27]} 13. h4 {[%clk 01:17:58]} {[%emt 00:03:43]} Qf5 {[%clk
01:09:17]} {[%emt 00:09:07]} 14. Qxf5 {[%clk 01:17:52]} {[%emt 00:00:35]} exf5
{[%clk 01:09:42]} {[%emt 00:00:06]} 15. h5 {[%clk 01:17:44]} {[%emt 00:00:37]}
Nd7 {[%clk 01:08:17]} {[%emt 00:01:55]} 16. Nh4 {[%clk 01:17:01]} {[%emt
00:01:12]} Be4 {[%clk 01:00:31]} {[%emt 00:08:17]} 17. Bxe4 {[%clk 01:05:08]}
{[%emt 00:12:23]} fxe4 {[%clk 01:00:56]} {[%emt 00:00:05]} 18. g4 {[%clk
01:05:32]} {[%emt 00:00:06]} Nf6 {[%clk 00:57:09]} {[%emt 00:04:17]} 19. g5
{[%clk 01:05:38]} {[%emt 00:00:23]} Nxh5 {[%clk 00:57:25]} {[%emt 00:00:16]} 20.
gxh6 {[%clk 01:06:05]} {[%emt 00:00:03]} g6 {[%clk 00:57:10]} {[%emt 00:00:45]}
21. f3 {[%clk 01:02:49]} {[%emt 00:03:46]} Re8 {[%clk 00:51:42]} {[%emt
00:05:58]} 22. Be3 {[%clk 00:53:49]} {[%emt 00:09:29]} Ng3 {[%clk 00:43:57]}
{[%emt 00:08:15]} 23. Rf2 {[%clk 00:49:41]} {[%emt 00:04:38]} exf3 {[%clk
00:42:29]} {[%emt 00:01:59]} 24. Rxf3 {[%clk 00:49:46]} {[%emt 00:00:24]} Re4
{[%clk 00:41:13]} {[%emt 00:01:46]} 25. Ng2 {[%clk 00:40:57]} {[%emt 00:09:19]}
Nf5 {[%clk 00:40:50]} {[%emt 00:00:53]} 26. Bf4 {[%clk 00:41:03]} {[%emt
00:00:24]} Rae8 {[%clk 00:38:45]} {[%emt 00:02:35]} 27. a4 {[%clk 00:40:58]}
{[%emt 00:00:35]} Bxf4 {[%clk 00:34:15]} {[%emt 00:05:00]} 28. Nxf4 {[%clk
00:40:26]} {[%emt 00:01:02]} Re1+ {[%clk 00:28:18]} {[%emt 00:06:27]} 29. Rf1
{[%clk 00:40:26]} {[%emt 00:00:30]} Rxa1 {[%clk 00:26:59]} {[%emt 00:01:50]} 30.
Rxa1 {[%clk 00:40:43]} {[%emt 00:00:13]} c6 {[%emt 00:01:04]} 31. a5 {[%clk
00:38:55]} {[%emt 00:01:14]} Re3 {[%clk 00:27:14]} {[%emt 00:00:45]} 32. c5
{[%clk 00:27:40]} {[%emt 00:11:45]} bxc5 {[%clk 00:25:33]} {[%emt 00:02:11]} 33.
d5 {[%clk 00:28:05]} {[%emt 00:00:05]} cxd5 {[%clk 00:24:45]} {[%emt 00:01:18]}
34. Nxd5 {[%clk 00:28:23]} {[%emt 00:00:11]} Re6 {[%clk 00:20:45]} {[%emt
00:04:30]} 35. Rb1 {[%clk 00:28:08]} {[%emt 00:00:45]} Ne7 {[%clk 00:11:40]}
{[%emt 00:09:36]} 36. c4 {[%clk 00:22:31]} {[%emt 00:06:07]} Nxd5 {[%clk
00:07:37]} {[%emt 00:04:32]} 37. cxd5 {[%clk 00:22:51]} {[%emt 00:00:10]} Rd6
{[%clk 00:03:59]} {[%emt 00:04:09]} 38. Rb7 {[%clk 00:22:08]} {[%emt 00:01:12]}
Rxd5 {[%clk 00:02:52]} {[%emt 00:01:37]} 39. h7+ {[%clk 00:22:23]} {[%emt
00:00:14]} Kh8 {[%clk 00:02:17]} {[%emt 00:01:06]} 40. Rxf7 {[%clk 00:22:42]}
{[%emt 00:00:11]} Rg5+ {[%clk 00:02:30]} {[%emt 00:00:17]} 41. Kh2 {[%clk
00:22:42]} {[%emt 00:00:30]} Rh5 {[%clk 00:28:16]} {[%emt 00:04:44]} 42. Kg3
{[%clk 00:53:10]} {[%emt 00:00:02]} Rxh7 {[%clk 00:28:40]} {[%emt 00:00:06]} 43.
Rf8 {[%clk 00:53:24]} {[%emt 00:00:16]} Kg7 {[%clk 00:29:03]} {[%emt 00:00:07]}
44. Rc8 {[%clk 00:53:49]} {[%emt 00:00:04]} Rh5 {[%clk 00:27:34]} {[%emt
00:01:58]} 45. Rc7+ {[%clk 00:50:35]} {[%emt 00:03:45]} Kf6 {[%clk 00:27:59]}
{[%emt 00:00:05]} 46. Rxa7 {[%clk 00:51:03]} {[%emt 00:00:02]} Ke5 {[%clk
00:25:24]} {[%emt 00:03:04]} 47. Rg7 {[%clk 00:50:35]} {[%emt 00:00:56]} Rg5+
{[%clk 00:24:23]} {[%emt 00:01:31]} 48. Kf3 {[%clk 00:50:54]} {[%emt 00:00:12]}
Kd4 {[%clk 00:24:17]} {[%emt 00:00:37]} 49. a6 {[%clk 00:49:46]} {[%emt
00:01:38]} c4 {[%clk 00:24:12]} {[%emt 00:00:34]} 50. Rg8 {[%clk 00:49:57]}
{[%emt 00:00:19]} Ra5 {[%clk 00:23:25]} {[%emt 00:01:18]} 51. Rxg6 {[%clk
00:50:21]} {[%emt 00:00:06]} Kd3 {[%clk 00:23:40]} {[%emt 00:00:14]} 52. Rd6+
{[%clk 00:50:40]} {[%emt 00:00:11]} Kc2 {[%clk 00:24:02]} {[%emt 00:00:08]} 53.
Ke3 {[%clk 00:46:36]} {[%emt 00:04:34]} c3 {[%clk 00:23:17]} {[%emt 00:01:15]}
54. Rc6 {[%clk 00:45:57]} {[%emt 00:01:10]} Ra4 {[%clk 00:23:32]} {[%emt
00:00:15]} 55. Ke2 {[%clk 00:45:48]} {[%emt 00:00:39]} Ra3 {[%clk 00:23:42]}
{[%emt 00:00:20]} 56. Ke1 {[%clk 00:44:21]} {[%emt 00:01:56]} Kb2 {[%clk
00:22:10]} {[%emt 00:02:02]} 57. Ke2 {[%clk 00:42:50]} {[%emt 00:02:02]} Ra5
{[%clk 00:18:33]} {[%emt 00:04:07]} 58. Kd3 {[%clk 00:42:05]} {[%emt 00:01:15]}
Ra3 {[%clk 00:18:50]} {[%emt 00:00:14]} 59. a7 {[%clk 00:41:27]} {[%emt
00:01:08]} Rxa7 {[%clk 00:18:55]} {[%emt 00:00:25]} 60. Rb6+ {[%clk 00:41:53]}
{[%emt 00:00:05]} Kc1 {[%clk 00:18:34]} {[%emt 00:00:11]} 1/2-1/2

[Event "Championnat de Belgique \"Experts\" 2018"]
[Site "Roux, Belgium"]
[Date "2018.07.31"]
[Round "5.1"]
[White "Ringoir, Tanguy"]
[Black "Hovhannisyan, Mher"]
[Result "1/2-1/2"]
[WhiteTitle "GM"]
[BlackTitle "IM"]
[WhiteElo "2530"]
[BlackElo "2456"]

1. d4 {[%clk 01:30:56]} {[%emt 00:00:02]} d5 {[%clk 01:30:56]} {[%emt
00:00:05]} 2. c4 {[%clk 01:31:21]} {[%emt 00:00:05]} e6 {[%clk 01:31:22]}
{[%emt 00:00:04]} 3. Nf3 {[%clk 01:31:45]} {[%emt 00:00:06]} Nf6 {[%clk
01:31:47]} {[%emt 00:00:05]} 4. g3 {[%clk 01:32:07]} {[%emt 00:00:07]} Bb4+
{[%clk 01:31:07]} {[%emt 00:01:10]} 5. Bd2 {[%clk 01:32:29]} {[%emt 00:00:08]}
a5 {[%clk 01:29:54]} {[%emt 00:01:43]} 6. Bg2 {[%clk 01:31:49]} {[%emt
00:01:10]} O-O {[%clk 01:30:06]} {[%emt 00:00:19]} 7. Qc2 {[%clk 01:25:44]}
{[%emt 00:06:34]} c5 {[%clk 01:29:53]} {[%emt 00:00:42]} 8. cxd5 {[%clk
01:21:59]} {[%emt 00:04:15]} cxd4 {[%clk 01:28:45]} {[%emt 00:01:38]} 9. Nxd4
{[%clk 01:20:26]} {[%emt 00:02:02]} Qb6 {[%clk 01:28:41]} {[%emt 00:00:35]} 10.
Nf3 {[%clk 01:17:05]} {[%emt 00:03:51]} exd5 {[%clk 01:23:56]} {[%emt
00:05:15]} 11. O-O {[%clk 01:17:29]} {[%emt 00:00:06]} Nc6 {[%clk 01:22:47]}
{[%emt 00:01:39]} 12. Bg5 {[%clk 01:15:14]} {[%emt 00:02:45]} Be7 {[%clk
01:16:40]} {[%emt 00:06:38]} 13. Nc3 {[%clk 01:09:01]} {[%emt 00:06:43]} Rd8
{[%clk 01:13:00]} {[%emt 00:04:10]} 14. a4 {[%clk 00:52:44]} {[%emt 00:16:47]}
h6 {[%clk 00:49:38]} {[%emt 00:23:52]} 15. Bf4 {[%clk 00:53:09]} {[%emt
00:00:05]} Nb4 {[%clk 00:39:37]} {[%emt 00:10:30]} 16. Qd1 {[%clk 00:52:17]}
{[%emt 00:01:22]} Bf5 {[%clk 00:29:15]} {[%emt 00:10:52]} 17. Nd4 {[%clk
00:45:18]} {[%emt 00:07:30]} Bg4 {[%clk 00:24:14]} {[%emt 00:05:31]} 18. h3
{[%clk 00:40:02]} {[%emt 00:05:45]} Bh5 {[%clk 00:22:11]} {[%emt 00:02:33]} 19.
Ncb5 {[%clk 00:38:35]} {[%emt 00:01:58]} Rac8 {[%clk 00:21:40]} {[%emt
00:01:01]} 20. Rc1 {[%clk 00:38:51]} {[%emt 00:00:14]} Rxc1 {[%clk 00:12:51]}
{[%emt 00:09:20]} 21. Qxc1 {[%clk 00:38:35]} {[%emt 00:00:46]} Na6 {[%clk
00:09:33]} {[%emt 00:03:48]} 22. g4 {[%clk 00:27:15]} {[%emt 00:11:49]} Bg6
{[%clk 00:10:01]} {[%emt 00:00:03]} 23. Nb3 {[%clk 00:27:40]} {[%emt 00:00:04]}
Bb4 {[%clk 00:06:19]} {[%emt 00:04:12]} 24. Bd2 {[%clk 00:27:10]} {[%emt
00:01:00]} Be4 {[%clk 00:05:01]} {[%emt 00:01:47]} 25. Bxb4 {[%clk 00:27:29]}
{[%emt 00:00:12]} Nxb4 {[%clk 00:03:26]} {[%emt 00:02:06]} 26. Qf4 {[%clk
00:26:21]} {[%emt 00:01:37]} Bxg2 {[%clk 00:03:08]} {[%emt 00:00:48]} 27. Kxg2
{[%clk 00:26:49]} Qe6 {[%clk 00:02:52]} {[%emt 00:00:46]} 28. N3d4 {[%clk
00:26:39]} {[%emt 00:00:40]} Qe4+ {[%clk 00:02:27]} {[%emt 00:00:55]} 29. Qxe4
{[%clk 00:27:05]} {[%emt 00:00:05]} dxe4 {[%clk 00:02:56]} {[%emt 00:00:01]} 30.
Rc1 {[%clk 00:26:54]} {[%emt 00:00:41]} Nfd5 {[%clk 00:03:13]} {[%emt
00:00:14]} 31. Kg3 {[%clk 00:27:23]} g6 {[%clk 00:03:03]} {[%emt 00:00:40]} 32.
Rc5 {[%emt 00:03:21]} 1/2-1/2

[Event "Championnat de Belgique \"Experts\" 2018"]
[Site "Roux, Belgium"]
[Date "2018.07.31"]
[Round "5.5"]
[White "Malakhatko, Vadim"]
[Black "Sadkowski, Daniel"]
[Result "1-0"]
[WhiteTitle "GM"]
[BlackTitle "FM"]
[WhiteElo "2499"]
[BlackElo "2235"]

1. c4 {[%clk 01:30:56]} {[%emt 00:00:03]} e6 {[%clk 01:30:17]} {[%emt
00:00:44]} 2. g3 {[%clk 01:31:10]} {[%emt 00:00:15]} d5 {[%clk 01:30:15]}
{[%emt 00:00:32]} 3. Bg2 {[%clk 01:31:34]} {[%emt 00:00:06]} Nf6 {[%clk
01:29:56]} {[%emt 00:00:50]} 4. Nf3 {[%clk 01:31:57]} {[%emt 00:00:07]} dxc4
{[%clk 01:30:01]} {[%emt 00:00:26]} 5. Qa4+ {[%clk 01:32:20]} {[%emt 00:00:06]}
Bd7 {[%clk 01:30:00]} {[%emt 00:00:31]} 6. Qxc4 {[%clk 01:32:44]} {[%emt
00:00:07]} c5 {[%clk 01:29:07]} {[%emt 00:01:23]} 7. Ne5 {[%clk 01:33:07]}
{[%emt 00:00:06]} Qc8 {[%clk 01:28:16]} {[%emt 00:01:21]} 8. Qd3 {[%clk
01:33:08]} {[%emt 00:00:29]} Nc6 {[%clk 01:28:10]} {[%emt 00:00:36]} 9. Nxd7
{[%clk 01:33:32]} {[%emt 00:00:07]} Nxd7 {[%clk 01:27:42]} {[%emt 00:00:58]} 10.
Nc3 {[%clk 01:31:32]} {[%emt 00:02:29]} a6 {[%clk 01:18:21]} {[%emt 00:09:52]}
11. b3 {[%clk 01:30:21]} {[%emt 00:01:41]} Be7 {[%clk 01:14:16]} {[%emt
00:04:34]} 12. Bb2 {[%clk 01:29:27]} {[%emt 00:01:23]} O-O {[%clk 01:14:33]}
{[%emt 00:00:13]} 13. Rc1 {[%clk 01:29:50]} {[%emt 00:00:07]} Qc7 {[%clk
01:02:49]} {[%emt 00:12:15]} 14. Qb1 {[%clk 01:29:51]} {[%emt 00:00:29]} Rac8
{[%clk 01:00:45]} {[%emt 00:02:33]} 15. Ne4 {[%clk 01:27:52]} {[%emt 00:02:29]}
Rfd8 {[%clk 00:59:25]} {[%emt 00:01:50]} 16. O-O {[%clk 01:28:13]} {[%emt
00:00:09]} Qb8 {[%clk 00:55:57]} {[%emt 00:03:58]} 17. f4 {[%clk 01:20:18]}
{[%emt 00:08:25]} f5 {[%clk 00:44:42]} {[%emt 00:11:45]} 18. Nf2 {[%clk
01:16:29]} {[%emt 00:04:19]} Qd6 {[%clk 00:40:23]} {[%emt 00:04:49]} 19. e4
{[%clk 01:11:15]} {[%emt 00:05:45]} g6 {[%clk 00:38:52]} {[%emt 00:02:01]} 20.
Rfe1 {[%clk 01:11:19]} {[%emt 00:00:25]} Bf8 {[%clk 00:35:06]} {[%emt
00:04:17]} 21. exf5 {[%clk 01:02:36]} {[%emt 00:09:12]} gxf5 {[%clk 00:31:39]}
{[%emt 00:03:57]} 22. Qa1 {[%clk 01:00:03]} {[%emt 00:03:04]} b5 {[%clk
00:26:40]} {[%emt 00:05:29]} 23. Re2 {[%clk 00:52:21]} {[%emt 00:08:12]} Nd4
{[%clk 00:24:23]} {[%emt 00:02:46]} 24. Bxd4 {[%clk 00:52:44]} {[%emt
00:00:06]} cxd4 {[%clk 00:24:48]} {[%emt 00:00:06]} 25. Rce1 {[%clk 00:53:10]}
{[%emt 00:00:04]} Re8 {[%clk 00:24:52]} {[%emt 00:00:26]} 26. Nd3 {[%clk
00:53:22]} {[%emt 00:00:17]} Bg7 {[%clk 00:21:02]} {[%emt 00:04:20]} 27. Qb1
{[%clk 00:53:47]} {[%emt 00:00:06]} Nf8 {[%clk 00:15:03]} {[%emt 00:06:29]} 28.
Bf3 {[%clk 00:53:54]} {[%emt 00:00:22]} Rc7 {[%clk 00:14:29]} {[%emt 00:01:05]}
29. b4 {[%clk 00:52:22]} {[%emt 00:02:02]} Rce7 {[%clk 00:07:21]} {[%emt
00:07:38]} 30. Qb3 {[%clk 00:52:21]} {[%emt 00:00:31]} Kh8 {[%clk 00:07:34]}
{[%emt 00:00:18]} 31. Rc1 {[%clk 00:49:47]} {[%emt 00:03:04]} Rc7 {[%clk
00:07:02]} {[%emt 00:01:02]} 32. Rc5 {[%clk 00:50:06]} {[%emt 00:00:11]} Ree7
{[%clk 00:04:14]} {[%emt 00:03:18]} 33. Kg2 {[%clk 00:48:02]} {[%emt 00:02:34]}
Bf6 {[%clk 00:04:24]} {[%emt 00:00:21]} 34. a4 {[%clk 00:47:31]} {[%emt
00:01:01]} Qb6 {[%clk 00:03:51]} {[%emt 00:01:03]} 35. axb5 {[%clk 00:44:25]}
{[%emt 00:03:35]} axb5 {[%clk 00:04:17]} {[%emt 00:00:05]} 36. Re1 {[%clk
00:44:50]} {[%emt 00:00:05]} Rg7 {[%clk 00:03:53]} {[%emt 00:00:53]} 37. Rec1
{[%clk 00:44:32]} {[%emt 00:00:48]} Rxc5 {[%clk 00:03:05]} {[%emt 00:01:19]} 38.
bxc5 {[%clk 00:44:53]} {[%emt 00:00:08]} Qa5 {[%clk 00:03:13]} {[%emt
00:00:22]} 39. Rc2 {[%clk 00:43:48]} {[%emt 00:01:35]} Bd8 {[%clk 00:01:57]}
{[%emt 00:01:46]} 40. Ra2 {[%clk 00:43:40]} {[%emt 00:00:37]} Qc7 {[%clk
00:02:07]} {[%emt 00:00:19]} 41. Qxb5 {[%clk 00:43:52]} {[%emt 00:00:19]} Ng6
{[%clk 00:30:04]} {[%emt 00:02:30]} 42. Qe8 {[%clk 00:55:14]} {[%emt 00:19:11]}
Rg8 {[%clk 00:30:27]} {[%emt 00:00:07]} 43. Qxe6 {[%clk 00:55:41]} {[%emt
00:00:03]} Qg7 {[%clk 00:28:55]} {[%emt 00:02:02]} 44. Bd5 {[%clk 00:50:35]}
{[%emt 00:05:36]} Rf8 {[%clk 00:29:06]} {[%emt 00:00:19]} 45. Ra8 {[%clk
00:50:32]} {[%emt 00:00:34]} h5 {[%clk 00:28:54]} {[%emt 00:00:42]} 46. Qd6
{[%clk 00:47:03]} {[%emt 00:03:59]} Bc7 {[%clk 00:27:23]} {[%emt 00:02:01]} 47.
Qxg6 {[%clk 00:45:12]} {[%emt 00:02:21]} Qxg6 {[%clk 00:27:30]} {[%emt
00:00:23]} 48. Rxf8 {[%clk 00:45:37]} {[%emt 00:00:05]} Kh7 {[%clk 00:27:47]}
{[%emt 00:00:13]} 49. Rf7 {[%clk 00:46:00]} {[%emt 00:00:07]} Kh8 {[%clk
00:26:16]} {[%emt 00:02:01]} 50. Rxc7 {[%clk 00:45:49]} {[%emt 00:00:41]} Qa6
{[%clk 00:26:26]} {[%emt 00:00:20]} 51. Nf2 {[%clk 00:44:15]} {[%emt 00:02:03]}
1-0

[Event "Championnat de Belgique \"Experts\" 2018"]
[Site "Roux, Belgium"]
[Date "2018.07.31"]
[Round "5.2"]
[White "Bomans, Arno"]
[Black "Dgebuadze, Alexandre"]
[Result "0-1"]
[WhiteTitle "FM"]
[BlackTitle "GM"]
[WhiteElo "2248"]
[BlackElo "2519"]

1. e4 {[%clk 01:29:29]} {[%emt 00:01:30]} c5 {[%clk 01:30:21]} {[%emt
00:00:40]} 2. Nf3 {[%clk 01:29:52]} {[%emt 00:00:07]} Nc6 {[%clk 01:30:45]}
{[%emt 00:00:06]} 3. d4 {[%clk 01:29:56]} {[%emt 00:00:26]} cxd4 {[%clk
01:31:08]} {[%emt 00:00:07]} 4. Nxd4 {[%clk 01:30:21]} {[%emt 00:00:04]} Nf6
{[%clk 01:31:32]} {[%emt 00:00:06]} 5. Nc3 {[%clk 01:30:43]} {[%emt 00:00:08]}
d6 {[%clk 01:31:54]} {[%emt 00:00:08]} 6. Bc4 {[%clk 01:30:37]} {[%emt
00:00:36]} Bd7 {[%clk 01:31:42]} {[%emt 00:00:42]} 7. O-O {[%clk 01:24:03]}
{[%emt 00:07:04]} g6 {[%clk 01:30:51]} {[%emt 00:01:21]} 8. h3 {[%clk
01:22:16]} {[%emt 00:02:17]} Bg7 {[%clk 01:29:25]} {[%emt 00:01:55]} 9. Be3
{[%clk 01:22:12]} {[%emt 00:00:34]} a6 {[%clk 01:21:58]} {[%emt 00:07:58]} 10.
Be2 {[%clk 01:13:52]} {[%emt 00:08:49]} O-O {[%clk 01:17:51]} {[%emt 00:04:38]}
11. f4 {[%clk 01:09:15]} {[%emt 00:05:06]} Rc8 {[%clk 01:06:07]} {[%emt
00:12:15]} 12. Nb3 {[%clk 01:03:04]} {[%emt 00:06:40]} b5 {[%clk 01:05:14]}
{[%emt 00:01:23]} 13. a3 {[%clk 00:53:25]} {[%emt 00:10:09]} Be6 {[%clk
01:02:18]} {[%emt 00:03:26]} 14. Nd4 {[%clk 00:49:09]} {[%emt 00:04:47]} Nxd4
{[%clk 00:56:57]} {[%emt 00:05:51]} 15. Bxd4 {[%clk 00:49:26]} {[%emt
00:00:13]} Bc4 {[%clk 00:57:02]} {[%emt 00:00:24]} 16. Rf2 {[%clk 00:41:48]}
{[%emt 00:08:08]} Bxe2 {[%clk 00:54:21]} {[%emt 00:03:12]} 17. Qxe2 {[%clk
00:41:06]} {[%emt 00:01:12]} Rc4 {[%clk 00:48:47]} {[%emt 00:06:03]} 18. Rd1
{[%clk 00:40:51]} {[%emt 00:00:45]} Ng4 {[%clk 00:43:01]} {[%emt 00:06:16]} 19.
Bxg7 {[%clk 00:12:54]} {[%emt 00:28:27]} Nxf2 {[%clk 00:42:26]} {[%emt
00:01:04]} 20. Qxf2 {[%clk 00:13:13]} {[%emt 00:00:12]} Kxg7 {[%clk 00:42:41]}
{[%emt 00:00:15]} 21. e5 {[%clk 00:13:36]} {[%emt 00:00:07]} Qc8 {[%clk
00:35:59]} {[%emt 00:07:12]} 22. exd6 {[%clk 00:13:39]} {[%emt 00:00:26]} exd6
{[%clk 00:35:48]} {[%emt 00:00:41]} 23. Rxd6 {[%clk 00:13:32]} {[%emt
00:00:37]} Rd8 {[%clk 00:35:19]} {[%emt 00:00:59]} 24. Rd3 {[%clk 00:09:50]}
{[%emt 00:04:13]} Rxd3 {[%clk 00:34:34]} {[%emt 00:01:15]} 25. cxd3 {[%clk
00:10:17]} {[%emt 00:00:03]} Rc6 {[%clk 00:34:45]} {[%emt 00:00:19]} 26. d4
{[%clk 00:10:06]} {[%emt 00:00:41]} Qf5 {[%clk 00:34:38]} {[%emt 00:00:36]} 27.
d5 {[%clk 00:10:02]} {[%emt 00:00:35]} Rc4 {[%clk 00:33:54]} {[%emt 00:01:13]}
28. g3 {[%clk 00:07:08]} {[%emt 00:03:25]} Qxh3 {[%clk 00:32:08]} {[%emt
00:02:16]} 29. b3 {[%clk 00:06:55]} {[%emt 00:00:43]} Rc8 {[%clk 00:32:14]}
{[%emt 00:00:24]} 30. Qd4+ {[%clk 00:02:48]} {[%emt 00:04:37]} f6 {[%clk
00:28:44]} {[%emt 00:04:00]} 31. Qe3 {[%clk 00:03:02]} {[%emt 00:00:16]} Qd7
{[%clk 00:28:06]} {[%emt 00:01:07]} 32. Qd4 {[%clk 00:03:04]} {[%emt 00:00:28]}
Qc7 {[%clk 00:24:56]} {[%emt 00:03:40]} 33. Ne4 {[%clk 00:02:44]} {[%emt
00:00:51]} Qc1+ {[%clk 00:24:46]} {[%emt 00:00:40]} 34. Kg2 {[%clk 00:03:10]}
{[%emt 00:00:04]} Rc2+ {[%clk 00:25:08]} {[%emt 00:00:08]} 35. Nf2 {[%clk
00:03:08]} {[%emt 00:00:31]} Qd2 {[%clk 00:25:15]} {[%emt 00:00:24]} 36. Qa7+
{[%clk 00:03:18]} {[%emt 00:00:20]} Kh6 {[%clk 00:22:09]} {[%emt 00:03:35]} 37.
Kg1 {[%clk 00:03:27]} {[%emt 00:00:22]} f5 {[%clk 00:21:56]} {[%emt 00:00:43]}
38. g4 {[%clk 00:02:23]} {[%emt 00:01:34]} Qxf4 {[%clk 00:18:05]} {[%emt
00:04:21]} 39. gxf5 {[%clk 00:02:42]} {[%emt 00:00:10]} Qxf5 {[%clk 00:14:48]}
{[%emt 00:03:48]} 40. Qe3 {[%clk 00:02:29]} {[%emt 00:00:42]} Kg7 {[%clk
00:12:43]} {[%emt 00:02:35]} 41. d6 {[%clk 00:01:13]} {[%emt 00:01:46]} Qxf2+
{[%clk 00:12:44]} {[%emt 00:00:29]} 0-1

[ePGN "0.1;DGT LiveChess/2.1"]